| 000 | 01945cam a22002415a 4500 | ||
|---|---|---|---|
| 001 | L159815 | ||
| 008 | 150619s2016 xxk f 000 0 eng d | ||
| 035 | _a(Sirsi) u159815 | ||
| 041 | 0 | _aeng | |
| 110 | 2 |
_aJoint Committee on the Palace of Westminster _96193 |
|
| 245 | 0 | 0 |
_aRestoration and renewal of the Palace of Westminster _bFirst report of session 2016-17 _h[electronic resource] |
| 260 |
_aLondon _bJoint Committee on the Palace of Westminster _c2016 |
||
| 520 | _aThe Joint Committee on the Palace of Westminster concludes that the Palace of Westminster 'faces an impending crisis which we cannot responsibly ignore'. There is a substantial and growing risk of either a single, catastrophic event, such as a major fire, or a succession of incremental failures in essential systems which would lead to Parliament no longer being able to occupy the Palace. The report sets out preferred options for the delivery and scope of the Restoration and Renewal Programme, and recognises that further work will be necessary in order to validate the conclusions in these areas, as well as test their feasibility. | ||
| 590 | _aKA | ||
| 650 | 2 | 4 | _aPALACE OF WESTMINSTER |
| 650 | 2 | 4 | _aHOUSES OF PARLIAMENT |
| 651 | 4 | _aLondon | |
| 690 | _aConservation and restoration | ||
| 856 | 4 | 0 |
_uhttps://publications.parliament.uk/pa/jt201617/jtselect/jtpow/41/41.pdf _zView the report free of charge from the publications.parliament.uk |
| 856 | 4 | 0 |
_uhttps://www.parliament.uk/documents/joint-committees/Palace%20of%20Westminster/palace-of-westminster-evidence-volume.pdf _zView the evidence volume free of charge from the www.parliament.uk |
| 856 | 4 | 0 |
_uhttps://www.parliament.uk/business/committees/committees-a-z/joint-select/joint-committee-on-the-palace-of-westminster/inquiries/parliament-2015/restoration-and-renewal-consultation-15-16/ _zView the Restoration and Renewal of the Palace of Westminster consultation at www.parliament.uk |
| 942 | _n0 | ||
| 999 |
_c116124 _d116124 |
||